000 00288nam a2200121Ia 4500
008 241002s9999 xx 000 0 und d
082 _a808.81 MIN
100 _aMinn, Hochi
245 4 _aThe Prison Diary of Hochi Minh
260 _aNew York:
_c1971
600 _aLiterature
942 _cUC
999 _c18847
_d18847